Home Print Resources E-Books E-Journals IIMT Lecture Series Library Membership Form Book Recommendation Form Campus Tour Take AdmissionAbout Us Contact Us

Fianical Accounting (Record no. 3102)

000 -LEADER
fixed length control field 00322nam a2200145Ia 4500
003 - CONTROL NUMBER IDENTIFIER
control field OSt
005 - DATE AND TIME OF LATEST TRANSACTION
control field 20240301120554.0
008 - FIXED-LENGTH DATA ELEMENTS--GENERAL INFORMATION
fixed length control field 170524s9999 xx 000 0 und d
020 ## - INTERNATIONAL STANDARD BOOK NUMBER
International Standard Book Number 978-9352718535
040 ## - CATALOGING SOURCE
Transcribing agency IIMT UNIVERSITY
100 ## - MAIN ENTRY--PERSONAL NAME
Personal name Mahasheri
245 #0 - TITLE STATEMENT
Title Fianical Accounting
260 ## - PUBLICATION, DISTRIBUTION, ETC.
Place of publication, distribution, etc. Vikas
942 ## - ADDED ENTRY ELEMENTS (KOHA)
Source of classification or shelving scheme
Koha item type Text-Book- for 7 days
Holdings
Withdrawn status Lost status Source of classification or shelving scheme Damaged status Not for loan Home library Current library Date acquired Total Checkouts Total Renewals Barcode Date last seen Date last checked out Price effective from Koha item type
          IIMT University Central Library Meerut IIMT University Central Library Meerut 05/31/2017 4 1 01-B-22991 06/06/2022 10/13/2021 05/31/2017 Book Bank
          IIMT University Central Library Meerut IIMT University Central Library Meerut 05/31/2017 3   01-B-22992 03/14/2022 10/25/2021 05/31/2017 Book Bank
          IIMT University Central Library Meerut IIMT University Central Library Meerut 05/31/2017 4 1 01-B-22993 03/04/2022 10/19/2021 05/31/2017 Book Bank
          IIMT University Central Library Meerut IIMT University Central Library Meerut 05/31/2017 4 1 01-B-22994 02/13/2026 08/28/2025 05/31/2017 Book Bank
IIMT, Central Library. All Rights Reserved IIMT,UNIVERSITY © 2023
Implemented and Customised by I CLOUDE EMS
You Are OPAC Visitor No
free web counter

Powered by Koha